[Event "Ambelokipi op 103rd"]
[Site "Athens"]
[Date "2010.03.17"]
[Round "4"]
[White "Batas, Dimitrios"]
[Black "Katopodis, Ioannis"]
[Result "0-1"]
[WhiteElo "1000"]
[BlackElo "1463"]
[PlyCount "110"]
[EventDate "2010.03.06"]
[EventType "swiss"]
[EventRounds "7"]
[EventCountry "GRE"]
[SourceTitle "CBM 135 Extra"]
[Source "ChessBase"]
[SourceDate "2010.05.04"]
[SourceVersion "1"]
[SourceVersionDate "2010.05.04"]
[SourceQuality "1"]

1. e4 c5 2. Nf3 Nc6 3. Bb5 Nf6 4. e5 Nd5 5. Bxc6 bxc6 6. c4 Nc7 7. 0-0 Ne6 8. d3 d6 9. Nc3 Nd4 10. exd6 exd6 11. Nxd4 cxd4 12. Re1+ Be7 13. Ne4 0-0 14. Qf3 Re8 15. Bg5 Bb7 16. Bxe7 Rxe7 17. Qg3 Re6 18. Qf4 Qe7 19. Kf1 Re8 20. Red1 c5 21. Ng3 Qf6 22. Qxf6 Rxf6 23. Re1 Rfe6 24. Rxe6 Rxe6 25. f3 Re3 26. Re1 Rxe1+ 27. Kxe1 g6 28. h4 f5 29. Kf2 Kf7 30. f4 Ke6 31. Ne2 d5 32. cxd5+ Bxd5 33. a3 Bc6 34. g3 Kd5 35. Nc1 c4 36. Ke2 cxd3+ 37. Kxd3 Bb5+ 38. Kd2 Ke4 39. Nb3 d3 40. Nc5+ Kf3 41. Nxd3 Bxd3 42. Kxd3 Kxg3 43. Ke3 Kxh4 44. Kf3 g5 45. b4 g4+ 46. Kg2 g3 47. b5 Kg4 48. a4 h5 49. a5 h4 50. a6 h3+ 51. Kh1 Kf3 52. b6 g2+ 53. Kg1 h2+ 54. Kxh2 Kf2 55. bxa7 g1Q+ 0-1